Recueil de planches, sur les sciences, les arts libéraux, et les arts méchaniques, avec leur explication ; cinquieme volume, 248 planches. (Record no. 163110)
[ view plain ]
| 000 -LEADER | |
|---|---|
| campo de control de longitud fija | 03235nam a2200445 i 4500 |
| 001 - NÚMERO DE CONTROL | |
| campo de control | 163110 |
| 003 - IDENTIFICADOR DE NÚMERO DE CONTROL | |
| campo de control | ES-MaACL |
| 005 - FECHA Y HORA DE LA ÚLTIMA TRANSACCIÓN | |
| campo de control | 20260504131005.0 |
| 008 - DATOS DE LONGITUD FIJA--INFORMACIÓN GENERAL | |
| campo de control de longitud fija | 931025s1767 fr f e 001 0 fre d |
| 245 00 - MENCIÓN DEL TÍTULO | |
| Título | Recueil de planches, sur les sciences, les arts libéraux, et les arts méchaniques, avec leur explication ; cinquieme volume, 248 planches. |
| 260 ## - PUBLICACIÓN, DISTRIBUCIÓN, ETC. | |
| Lugar de publicación, distribución, etc. | A Paris : |
| Nombre del editor, distribuidor, etc. | chez Briasson, chez David, chez Le Breton, |
| Fecha de publicación, distribución, etc. | 1767. |
| 300 ## - DESCRIPCIÓN FÍSICA | |
| Extensión | [6], 8, 16 p., V, II, III, II, III, II, V, III, [I], II, II, II, V, [III], VI, [I], IV, VI, II, XXVI, I, II, II, I, III, V, III h. de grab., 17 p., XXV h. de grab., 8 p., VIII h. de grab., [1] p., VI h. de grab., [1] p., III h. de grab., 9 p., VIII [i.e. IX] h. de grab., [1] p., III h. de grab., 3 p., II h. de grab., [1] p., III, II h. de grab., [1] p., III h. de grab., [1] p., II h. de grab., [1] p., IV h. de grab., 7 p., XI, XXII [i.e. XXIII] h. de grab., [1] p., II h. de grab., 1 p., XIV h. de grab., 1 p., XIII [i.e. XIV] h. de grab. ; |
| Dimensiones | Fol. |
| 500 ## - NOTA GENERAL | |
| Nota general | Véase además: Encyclopédie ou dictionnaire raisoné des sciences, des arts et des métiers... Paris, Briasson, 1751-1761. |
| 505 8# - NOTA DE CONTENIDO CON FORMATO | |
| Nota de contenido con formato | Contiene : 248 planches Sciences mathématiques : Géometrie, Trigonométrie, Arpentage et nivellement. Algébre. Sections coniques Analyse. Méchanique. Hydrostatique. Hydrodinamique et Hydraulique. Optique. Perspective. Astronomie. Géographie. Construction. Gnomonique. Navigation. Fabrication des instruments de Mathématique. Physique. Pneumotique. Arts méchaniques : Fonderies des canons, mortiers, etc. Fonte de cloches. Fonte de l'or. Fonte de la dragée ou plomb à giboyer, a l'eau et moulée. Gravure en talle douce, gravure en pierres fines, Gravure en lettres, Gravure en médailles, Gravure en cachets, Gravure en bois. Layetier. Lunettier. Lutherie. Marbreur. Marbreire. Papeterie. |
| 530 ## - NOTA DISPONIBLE DE FORMULARIO FÍSICO ADICIONAL | |
| Nota de formato físico adicional disponible | Disponible en formato digital. |
| 597 ## - NOTA DE DESCRIPCIÓN FÍSICA | |
| NOTA DE DESCRIPCIÓN FÍSICA | Sign. irregular. |
| 597 ## - NOTA DE DESCRIPCIÓN FÍSICA | |
| NOTA DE DESCRIPCIÓN FÍSICA | Texto a dos col. |
| 597 ## - NOTA DE DESCRIPCIÓN FÍSICA | |
| NOTA DE DESCRIPCIÓN FÍSICA | Antep. |
| 597 ## - NOTA DE DESCRIPCIÓN FÍSICA | |
| NOTA DE DESCRIPCIÓN FÍSICA | Port. con grab. xil. |
| 599 ## - NOTA A LAS ILUSTRACIONES | |
| NOTA A LAS ILUSTRACIONES | Las h. de grab. calc.: "Goussier Del.", "Bernard Fecit", "Prevost Del.", "Boucher Fils. Del.", "Aubin Scrip. et Sculp." y "Lucotte Del." |
| 630 04 - PUNTO DE ACCESO ADICIONAL DE MATERIA--TÍTULO UNIFORME | |
| Título uniforme | Encyclopédie ou Dictionnaire raisonné des sciences, des arts et des métiers- |
| Subdivisión de forma | Ilustraciones |
| 9 (RLIN) | 121148 |
| 650 #7 - PUNTO DE ACCESO ADICIONAL DE MATERIA--TÉRMINO DE MATERIA | |
| Término de materia o nombre geográfico como elemento de entrada | Grabado francés |
| Fuente del encabezamiento o término | embne |
| 9 (RLIN) | 162674 |
| 650 #4 - PUNTO DE ACCESO ADICIONAL DE MATERIA--TÉRMINO DE MATERIA | |
| Término de materia o nombre geográfico como elemento de entrada | Enciclopedias. |
| 9 (RLIN) | 12235 |
| 700 1# - ENTRADA AGREGADA--NOMBRE PERSONAL | |
| Nombre de persona | Briasson, Antoine-Claude. |
| 9 (RLIN) | 126164 |
| 700 1# - ENTRADA AGREGADA--NOMBRE PERSONAL | |
| Nombre de persona | David, Michel-Étienne, l'ainé. |
| 9 (RLIN) | 126708 |
| 700 1# - ENTRADA AGREGADA--NOMBRE PERSONAL | |
| Nombre de persona | Le Breton, André-François |
| 9 (RLIN) | 128771 |
| 700 1# - ENTRADA AGREGADA--NOMBRE PERSONAL | |
| Nombre de persona | Goussier, Louis-Jacques ( |
| Fechas asociadas al nombre | 1722-1799) |
| 9 (RLIN) | 153983 |
| 700 1# - ENTRADA AGREGADA--NOMBRE PERSONAL | |
| Nombre de persona | Bénard, Robert, |
| Fechas asociadas al nombre | 1734-17.. |
| 9 (RLIN) | 153984 |
| 700 1# - ENTRADA AGREGADA--NOMBRE PERSONAL | |
| Nombre de persona | Prevost. |
| 9 (RLIN) | 131359 |
| 700 1# - ENTRADA AGREGADA--NOMBRE PERSONAL | |
| Nombre de persona | Boucher. |
| 9 (RLIN) | 126101 |
| 700 1# - ENTRADA AGREGADA--NOMBRE PERSONAL | |
| Nombre de persona | Aubin. |
| 9 (RLIN) | 125743 |
| 700 1# - ENTRADA AGREGADA--NOMBRE PERSONAL | |
| Nombre de persona | Lucotte, Jean Raymond, |
| Fechas asociadas al nombre | 1733?-1804 |
| 9 (RLIN) | 165220 |
| 740 02 - ENTRADA AGREGADA--TÍTULO RELACIONADO/ANALÍTICO NO CONTROLADO | |
| Título relacionado o analítico no controlado | Dictionnaire des sciences. |
| 740 22 - ENTRADA AGREGADA--TÍTULO RELACIONADO/ANALÍTICO NO CONTROLADO | |
| Título relacionado o analítico no controlado | L'Encyclopédie Diderot et d'Alembert. |
| 752 ## - ENTRADA AGREGADA--NOMBRE JERÁRQUICO DEL LUGAR | |
| País o entidad superior | Francia - |
| Ciudad | París |
| 852 4# - LOCALIZACIÓN | |
| Ubicación | ES-MaACL |
| Número de control de estantería | R-2131 |
| Nota libre | - Enc. pasta con hierros dorados |
| -- | - Ex-libris del duque de Hyjar |
| Signatura antigua | - Olim: C-10427 |
| 856 4# - LOCALIZACIÓN Y ACCESO ELECTRÓNICOS | |
| Identificador Uniforme de Recursos | <a href="https://www.biodiversitylibrary.org/page/44328593">https://www.biodiversitylibrary.org/page/44328593</a> |
| Nota pública | Europeana |
| 856 ## - LOCALIZACIÓN Y ACCESO ELECTRÓNICOS | |
| Identificador Uniforme de Recursos | <a href="https://www.biodiversitylibrary.org/page/47544200">https://www.biodiversitylibrary.org/page/47544200</a> |
| Nota pública | Europeana |
| Estatus retirado | Estado de pérdida | Estado de daño | No para préstamo | Colección | Biblioteca de origen | Biblioteca actual | Ubicación en estantería | Fecha de adquisición | Fuente de adquisición | Total de préstamos | Signatura topográfica completa | Código de barras | Visto por última vez | Precio de reemplazo | Tipo de ítem Koha |
|---|---|---|---|---|---|---|---|---|---|---|---|---|---|---|---|
| Colección digital | Biblioteca del Ateneo de Madrid | Biblioteca del Ateneo de Madrid | Depósito | 17/01/2008 | R-2131 | 1170920 | 23/02/2023 | 23/02/2023 | Libro impreso antiguo |
